Statistics for Animated Disney films with characters name in the title

Click here to take the quiz!

General Stats

  • This quiz has been taken 412 times
    (399 since last reset)
  • The average score is 11 of 19

Answer Stats

HintAnswer% Correct
---- ----- and the 7 dwarves1937Snow White
100%
----- in wonderland1951Alice
95%
---- and the Tramp1955Lady
94%
Finding ----2003Nemo
92%
Wreck-it -----2012Ralph
92%
----------1950Cinderella
74%
------ and Company1988Oliver
68%
-----1998Mulan
57%
-------1992Aladdin
54%
The Many Adventures of ------ --- ----1977Winnie the Pooh
52%
----------1995Pocahontas
49%
-----1941Dumbo
46%
-----1941Bambi
45%
---------1940Pinocchio
45%
----- ---1953Peter Pan
38%
--------1997Hercules
35%
---- and -----2002Lilo and Stitch
33%
------1999Tarzan
31%
The adventures of ------- and --.----1949Ichabod and Mr.Toad
20%

Score Distribution

Percentile by Number Answered

Percent of People with Each Score

Your Score History

You have not taken this quiz since the last reset